La Caridad cristiana : revista de beneficiencia revista de beneficiencia
Descripción Física:
1 exemplar ; 20 cm
Idioma:
Español
MARC
| LEADER | 00000nas a2200000 a 4500 | ||
|---|---|---|---|
| 003 | Arxiu | ||
| 005 | 20260324180115.0 | ||
| 008 | 160829d1855 sp xx spa c | ||
| 040 | |a AGDB | ||
| 080 | |a Revistes | ||
| 245 | 0 | 3 | |a La Caridad cristiana : |b revista de beneficiencia |
| 260 | |a Madrid : |b Imprenta de Tejado, |c 1855 | ||
| 300 | |a 1 exemplar ; |c 20 cm | ||
| 590 | |a A la portada: Prospecto. | ||
| 590 | |a Descripció feta a partir del Prospecte. | ||
| 590 | |a Prové de 761, exp. 8 | ||
| 650 | |a Caritat |x Revistes |9 46583 | ||
| 650 | |a Cristianisme |x Revistes |9 46584 | ||
| 650 | |a Beneficència |x Revistes |9 47987 | ||
| 901 | |a Arxiu | ||
| 942 | |n 1 |2 udc |c REV | ||
| 952 | |0 0 |1 0 |4 0 |6 REV2123 |7 1 |9 53295 |a Arxiu |b Arxiu |d 2016-12-01 |o Rev-2123 |p 27849 |r 2016-12-01 00:00:00 |w 2016-12-01 |y ARXIU | ||
| 999 | |c 57159 |d 57159 | ||